Central Library OPAC University of Rajshahi

Physical fitness : (Record no. 49884)

MARC details
000 -LEADER
fixed length control field 00703nam a2200241 a 4500
001 - CONTROL NUMBER
control field 49884
003 - CONTROL NUMBER IDENTIFIER
rucl marc code BD-RjUL
005 - DATE AND TIME OF LATEST TRANSACTION
control field 20211209075427.0
008 - FIXED-LENGTH DATA ELEMENTS--GENERAL INFORMATION
fixed length control field 160823m19811973dcua 001 0 eng d
020 ## - INTERNATIONAL STANDARD BOOK NUMBER
International Standard Book Number 0801622166
035 ## - SYSTEM CONTROL NUMBER
System control number (BD-RjUL)50004
040 ## - CATALOGING SOURCE
Original cataloging agency GPO
Transcribing agency GPO
Modifying agency MvI
-- BD-RjUL
Language of cataloging eng
041 ## - LANGUAGE CODE
Language code of text/sound track or separate title eng
082 ## - DEWEY DECIMAL CLASSIFICATION NUMBER
Edition number 23
Classification number 613.7
Author mark and year HOP 1981
100 ## - MAIN ENTRY--PERSONAL NAME
Personal name Hockey, Robert V.
9 (RLIN) 149504
245 10 - TITLE STATEMENT
Title Physical fitness :
Remainder of title The pathway to healthful living /
Statement of responsibility, etc. Robert V. Hockey
250 ## - EDITION STATEMENT
Edition statement 4th ed.
260 ## - PUBLICATION, DISTRIBUTION, ETC. (IMPRINT)
Place of publication, distribution, etc. London :
Name of publisher, distributor, etc. The C. V. Mosby Company,
Date of publication, distribution, etc. 1981.
300 ## - PHYSICAL DESCRIPTION
Pagination 151 p. :
Illustrations ill ;
Size 24 cm.
500 ## - GENERAL NOTE
General note Includes index
650 #0 - SUBJECT ADDED ENTRY--TOPICAL TERM
Topical term or geographic name as entry element Exercise
Form subdivision Physical fitness
General subdivision Gymnastics
9 (RLIN) 149505
942 ## - ADDED ENTRY ELEMENTS (KOHA)
Source of classification or shelving scheme Dewey Decimal Classification
Koha item type Books
Holdings
Lost status Source of classification or shelving scheme Damaged status Not for loan Collection code Permanent Location Current Location Shelving location Date acquired Source of acquisition Cost, normal purchase price Total Checkouts Full call number Date last seen Copy number Koha item type
  Dewey Decimal Classification     Non-fiction Central Library, University of Rajshahi Central Library, University of Rajshahi   11/09/1984 Toppow-Tulip 21.30   613.7 HOP 1981 23/08/2016 C-2 Books